[Event "San Antonio"]
[Site "San Antonio"]
[Date "1972.??.??"]
[Round "?"]
[White "Smith, Kenneth R"]
[Black "Campos Lopez, Mario"]
[Result "1/2-1/2"]
[WhiteElo "2395"]
[BlackElo "2200"]
[PlyCount "125"]
[EventDate "1972.??.??"]
[EventType "tourn"]
[EventRounds "15"]
[EventCountry "USA"]
[EventCategory "11"]
[SourceDate "2006.01.01"]

1. e4 e6 2. d4 d5 3. e5 c5 4. c3 Nc6 5. Nf3 Nge7 6. a3 cxd4 7. cxd4 Nf5 8. Nc3
Be7 9. Be3 f6 10. exf6 Bxf6 11. Bd3 O-O 12. O-O Kh8 13. Rc1 a6 14. b4 g6 15.
Na4 Qd6 16. Qd2 Nxe3 17. fxe3 e5 18. dxe5 Nxe5 19. Nxe5 Qxe5 20. Rf2 Re8 21.
Qc3 d4 22. exd4 Qe3 23. Bxg6 Bxd4 24. Qxe3 Rxe3 25. Rd1 Ba7 26. Rd8+ Kg7 27.
Kf1 hxg6 28. Rff8 Bd7 29. Rxa8 Bxa4 30. Rg8+ Kf7 31. g3 Bb5+ 32. Kg2 Bc6+ 33.
Kf1 Bb6 34. Raf8+ Ke7 35. Rf4 Bb5+ 36. Kg2 Bc6+ 37. Kf1 Be4 38. Rb8 Bc7 39.
Rxe4+ Rxe4 40. Rxb7 Rc4 41. b5 axb5 42. Rxb5 Rc2 43. Kg1 Kf6 44. a4 Ra2 45. Rb4
Be5 46. Rc4 Rb2 47. a5 Ra2 48. a6 Rxa6 49. Rc2 Rb6 50. Kg2 Rb3 51. Kh3 Kg5 52.
Ra2 Bb2 53. Ra5+ Kh6 54. Rd5 Bc3 55. Rc5 Ra3 56. Rc6 Kh5 57. Rc5+ g5 58. Kg2
Ra2+ 59. Kf3 Bd4 60. Rd5 Rf2+ 61. Ke4 Rxh2 62. Rxd4 Kg4 63. Ke5+ 1/2-1/2

[Event "San Antonio"]
[Site "San Antonio"]
[Date "1972.??.??"]
[Round "?"]
[White "Evans, Larry Melvyn"]
[Black "Suttles, Duncan"]
[Result "0-1"]
[WhiteElo "2545"]
[BlackElo "2470"]
[PlyCount "87"]
[EventDate "1972.??.??"]
[EventType "tourn"]
[EventRounds "15"]
[EventCountry "USA"]
[EventCategory "11"]
[SourceDate "2006.01.01"]

1. e4 g6 2. d4 d6 3. Nc3 Bg7 4. Be3 c6 5. Qd2 b5 6. O-O-O Nd7 7. f3 Nb6 8. h4
h5 9. Nh3 a5 10. Nf2 b4 11. Nb1 Rb8 12. g4 hxg4 13. fxg4 Nf6 14. Be2 Nxg4 15.
Nxg4 Bxg4 16. Rdg1 Bh5 17. b3 a4 18. Bxh5 Rxh5 19. Rg5 axb3 20. axb3 Rxg5 21.
hxg5 Nd7 22. Rf1 Kf8 23. Qd3 Qe8 24. Qc4 c5 25. dxc5 dxc5 26. Re1 Qc8 27. Rf1
Ne5 28. Qxc5 Nd3+ 29. cxd3 Qh3 30. Rf2 Rc8 31. Qxc8+ Qxc8+ 32. Kd1 Qa6 33. Ke2
Qa2+ 34. Nd2 Bc3 35. Rh2 Kg7 36. Rh4 e5 37. Rh1 Bxd2 38. Bxd2 Qxb3 39. Ke3 Qb2
40. Rc1 b3 41. Rc8 Qa1 42. Bc3 Qc1+ 43. Ke2 b2 44. Bxe5+ 0-1

[Event "San Antonio"]
[Site "San Antonio"]
[Date "1972.??.??"]
[Round "?"]
[White "Kaplan, Julio P"]
[Black "Larsen, Bent"]
[Result "0-1"]
[WhiteElo "2470"]
[BlackElo "2625"]
[PlyCount "112"]
[EventDate "1972.??.??"]
[EventType "tourn"]
[EventRounds "15"]
[EventCountry "USA"]
[EventCategory "11"]
[SourceDate "2006.01.01"]

1. e4 c6 2. d4 d5 3. Nc3 dxe4 4. Nxe4 Nf6 5. Nxf6+ gxf6 6. Nf3 Bf5 7. Be2 Qc7
8. O-O Nd7 9. c4 e6 10. Bd2 Bd6 11. Kh1 Rg8 12. c5 Be7 13. Qc1 Be4 14. Bf4 Qa5
15. Bg3 h5 16. Rg1 f5 17. Nd2 h4 18. Bd6 Bd5 19. Bxe7 h3 20. f3 hxg2+ 21. Rxg2
Rxg2 22. Kxg2 Kxe7 23. Nc4 Bxc4 24. Bxc4 Nf6 25. Qf4 Rd8 26. a3 b6 27. b4 Qa4
28. Ra2 bxc5 29. dxc5 Qd1 30. Bf1 Rg8+ 31. Kf2 Nd5 32. Qd2 Qb3 33. Rb2 Qxa3 34.
Ra2 Qxb4 35. Rxa7+ Kf6 36. Qxb4 Nxb4 37. Rb7 Nd5 38. Bc4 Rc8 39. Kg3 f4+ 40.
Kf2 Ne3 41. Bd3 Rh8 42. Rc7 Nd5 43. Rxc6 Nb4 44. Rd6 Nxd3+ 45. Rxd3 Rxh2+ 46.
Kg1 Rc2 47. Rd4 Rxc5 48. Kf2 Rc2+ 49. Kf1 Kg5 50. Rd8 Kh4 51. Rg8 f5 52. Rg6 e5
53. Re6 e4 54. fxe4 fxe4 55. Rxe4 Kg3 56. Re8 Rc1+ 0-1

[Event "San Antonio"]
[Site "San Antonio"]
[Date "1972.??.??"]
[Round "?"]
[White "Keres, Paul"]
[Black "Browne, Walter S"]
[Result "1/2-1/2"]
[WhiteElo "2600"]
[BlackElo "2530"]
[PlyCount "38"]
[EventDate "1972.??.??"]
[EventType "tourn"]
[EventRounds "15"]
[EventCountry "USA"]
[EventCategory "11"]
[SourceDate "2006.01.01"]

1. d4 c5 2. d5 Nf6 3. Nc3 d6 4. e4 g6 5. Nf3 Bg7 6. Bb5+ Nfd7 7. O-O a6 8. Bd3
b5 9. a4 b4 10. Nb1 a5 11. Nbd2 Nb6 12. Nc4 N8d7 13. Nfd2 O-O 14. Qe2 Ba6 15.
Nxb6 Qxb6 16. Nc4 Qa7 17. Rb1 Nb6 18. Nxb6 Qxb6 19. Bg5 Rfe8 1/2-1/2

[Event "San Antonio"]
[Site "San Antonio"]
[Date "1972.??.??"]
[Round "?"]
[White "Larsen, Bent"]
[Black "Keres, Paul"]
[Result "0-1"]
[WhiteElo "2625"]
[BlackElo "2600"]
[PlyCount "182"]
[EventDate "1972.??.??"]
[EventType "tourn"]
[EventRounds "15"]
[EventCountry "USA"]
[EventCategory "11"]
[SourceDate "2006.01.01"]

1. c4 e6 2. Nc3 c5 3. Nf3 Nf6 4. g3 Nc6 5. Bg2 Be7 6. d4 d5 7. cxd5 Nxd5 8.
Nxd5 exd5 9. dxc5 Bxc5 10. a3 Bf5 11. b4 Bb6 12. Bb2 O-O 13. Nd4 Bxd4 14. Bxd4
Re8 15. Ra2 Qd7 16. O-O Bh3 17. Rd2 Bxg2 18. Kxg2 a5 19. Bc5 axb4 20. axb4 Re5
21. e3 Rd8 22. b5 Ne7 23. Bxe7 Qxe7 24. Qb3 h5 25. Rd4 Rd6 26. Rfd1 Qe8 27. h4
Rb6 28. Rxd5 Rxb5 29. Rxe5 Rxe5 30. Qxb7 Rc5 31. Rd6 g6 32. Rd7 Qe6 33. Rd8+
Kg7 34. Qb4 Qc4 35. Qb2+ Qc3 36. Qb7 Rf5 37. Qe7 Qb2 38. Qf8+ Kh7 39. Qg8+ Kh6
40. Rd2 Qg7 41. Qa8 Kh7 42. e4 Qc3 43. exf5 Qxd2 44. Qb7 Kg8 45. f6 Qd1 46. Qc6
Kh7 47. Qc3 Qd5+ 48. f3 Qa2+ 49. Kh3 Qb1 50. Kg2 Qa2+ 51. Kf1 Qa6+ 52. Ke1 Qe6+
53. Kf2 Qa2+ 54. Kg1 Qb1+ 55. Kg2 Qa2+ 56. Kh3 Qb1 57. g4 Qh1+ 58. Kg3 Qg1+ 59.
Kf4 Qh2+ 60. Kg5 Qg3 61. Qe3 hxg4 62. Qf4 Qxf3 63. Qxg4 Qe3+ 64. Qf4 Qe2 65.
Qg3 Qb5+ 66. Kf4 Qf5+ 67. Ke3 Qxf6 68. Qg5 Qf1 69. Qg4 Qe1+ 70. Kd3 Qe6 71. Qf4
Kg7 72. Qd4+ f6 73. Qb4 Qf5+ 74. Ke2 Kh6 75. Ke1 Kh5 76. Qc4 Qg4 77. Qc5+ Kxh4
78. Qe7 Qf5 79. Qb4+ Kh5 80. Qc4 g5 81. Qf7+ Kh4 82. Qf8 Kg3 83. Qa3+ Qf3 84.
Qd6+ Kg2 85. Qd2+ Kh3 86. Qd7+ f5 87. Qg7 g4 88. Qh8+ Kg3 89. Qe5+ f4 90. Qb8
Qe3+ 91. Kd1 Kg2 0-1

[Event "San Antonio"]
[Site "San Antonio"]
[Date "1972.??.??"]
[Round "?"]
[White "Petrosian, Tigran V"]
[Black "Smith, Kenneth R"]
[Result "1-0"]
[WhiteElo "2645"]
[BlackElo "2395"]
[PlyCount "123"]
[EventDate "1972.??.??"]
[EventType "tourn"]
[EventRounds "15"]
[EventCountry "USA"]
[EventCategory "11"]
[SourceDate "2006.01.01"]

1. c4 Nf6 2. Nc3 c6 3. Nf3 d5 4. e3 g6 5. Be2 Bg7 6. O-O O-O 7. d4 Bf5 8. cxd5
Nxd5 9. Qb3 Nxc3 10. bxc3 Qb6 11. Ba3 Qxb3 12. axb3 Re8 13. Nd2 g5 14. Nc4 Nd7
15. Na5 Rab8 16. Rab1 Bf8 17. g4 Be4 18. f3 Bg6 19. Rfd1 e6 20. Bxf8 Kxf8 21.
Kf2 Nf6 22. e4 Re7 23. b4 Rc7 24. Nc4 Nd7 25. Ra1 a6 26. h4 gxh4 27. Rh1 Kg7
28. Rxh4 f6 29. Rg1 b5 30. Na5 Nb6 31. Bd1 e5 32. Bb3 exd4 33. cxd4 Nc4 34. Rc1
Nxa5 35. bxa5 Rd8 36. Ke3 Rcd7 37. Rxc6 Rxd4 38. Bd5 Ra4 39. Rxa6 Rd7 40. Rh1
Bf7 41. Bxf7 Rxf7 42. Rh5 Ra3+ 43. Kf4 b4 44. Rb5 Rc7 45. g5 fxg5+ 46. Rxg5+
Kf7 47. Rb5 Kg7 48. Kg4 Re7 49. Rab6 Rf7 50. Rg5+ Kf8 51. Rb8+ Ke7 52. Rb7+ Ke6
53. Rxf7 Kxf7 54. Rb5 Ke6 55. f4 Kd6 56. e5+ Kc6 57. Rxb4 Rxa5 58. Re4 Ra1 59.
e6 Rg1+ 60. Kf5 h5 61. Kf6 Rg8 62. e7 1-0

[Event "San Antonio"]
[Site "San Antonio"]
[Date "1972.??.??"]
[Round "?"]
[White "Karpov, Anatoly"]
[Black "Byrne, Donald"]
[Result "1-0"]
[WhiteElo "2630"]
[BlackElo "2470"]
[PlyCount "79"]
[EventDate "1972.??.??"]
[EventType "tourn"]
[EventRounds "15"]
[EventCountry "USA"]
[EventCategory "11"]
[SourceDate "2006.01.01"]

1. e4 c5 2. Nf3 d6 3. d4 cxd4 4. Nxd4 Nf6 5. Nc3 g6 6. Be3 Bg7 7. f3 O-O 8. Qd2
Nc6 9. Bc4 a5 10. a4 Nxd4 11. Bxd4 Be6 12. Bb5 Rc8 13. O-O-O Nd7 14. Bxg7 Kxg7
15. f4 Nf6 16. Rhe1 Qc7 17. Qd4 Rfd8 18. Rd2 d5 19. exd5 Bxd5 20. Qe5 e6 21.
Red1 b6 22. Ba6 h5 23. Bxc8 Rxc8 24. h3 Qxe5 25. fxe5 Ne4 26. Nxe4 Bxe4 27. Re2
Bd5 28. Rd4 Rc5 29. h4 f5 30. exf6+ Kxf6 31. Rf4+ Kg7 32. Re5 Rc7 33. g3 Rc6
34. Kd2 Rc7 35. b3 Rd7 36. Ke3 Re7 37. g4 hxg4 38. Rxg4 Kf6 39. Reg5 Rh7 40.
Rxg6+ 1-0

[Event "San Antonio"]
[Site "San Antonio"]
[Date "1972.??.??"]
[Round "?"]
[White "Suttles, Duncan"]
[Black "Keres, Paul"]
[Result "1/2-1/2"]
[WhiteElo "2470"]
[BlackElo "2600"]
[PlyCount "73"]
[EventDate "1972.??.??"]
[EventType "tourn"]
[EventRounds "15"]
[EventCountry "USA"]
[EventCategory "11"]
[SourceDate "2006.01.01"]

1. c4 e6 2. g3 d5 3. Bg2 Nf6 4. Nf3 dxc4 5. Qa4+ Nbd7 6. O-O a6 7. Nc3 c5 8.
Ne5 Rb8 9. Nxd7 Qxd7 10. Qxc4 b5 11. Qf4 Bd6 12. Qg5 O-O 13. d3 Bb7 14. Bxb7
Rxb7 15. Qh4 Rc8 16. a4 Be7 17. axb5 axb5 18. Qh3 h6 19. Qg2 b4 20. Ne4 c4 21.
dxc4 Rxc4 22. Ra8+ Rc8 23. Rxc8+ Qxc8 24. Nxf6+ Bxf6 25. b3 Rd7 26. Qf3 Bc3 27.
Qe4 Qa6 28. Qc2 Qb5 29. Rd1 Qf5 30. Rd3 Kh7 31. e4 Qb5 32. Rxd7 Qxd7 33. Be3
Qb5 34. Kg2 g6 35. Qd1 h5 36. Qd6 Qb7 37. Kf3 1/2-1/2

[Event "San Antonio"]
[Site "San Antonio"]
[Date "1972.??.??"]
[Round "?"]
[White "Karpov, Anatoly"]
[Black "Kaplan, Julio P"]
[Result "1/2-1/2"]
[WhiteElo "2630"]
[BlackElo "2470"]
[PlyCount "69"]
[EventDate "1972.??.??"]
[EventType "tourn"]
[EventRounds "15"]
[EventCountry "USA"]
[EventCategory "11"]
[SourceDate "2006.01.01"]

1. e4 c5 2. Nf3 Nc6 3. d4 cxd4 4. Nxd4 g6 5. c4 Nf6 6. Nc3 d6 7. Nc2 Bg7 8. Be2
O-O 9. O-O Nd7 10. Qd2 Nc5 11. f3 f5 12. exf5 Bxf5 13. Ne3 Nd4 14. Nxf5 Nxf5
15. Rb1 e6 16. Qe1 a6 17. Kh1 Bd4 18. Bd2 Qe7 19. f4 Rae8 20. b4 Nd7 21. Bd3 e5
22. fxe5 Nxe5 23. Qe4 Ba7 24. Qd5+ Kg7 25. Rbe1 Qf7 26. Bxf5 Qxd5 27. Nxd5 Rxf5
28. Bc3 Kf7 29. Rxf5+ gxf5 30. c5 Nd3 31. Rf1 Re2 32. Rxf5+ Ke6 33. Rh5 dxc5
34. bxc5 Bxc5 35. a4 1/2-1/2

[Event "San Antonio"]
[Site "San Antonio"]
[Date "1972.??.??"]
[Round "?"]
[White "Evans, Larry Melvyn"]
[Black "Keres, Paul"]
[Result "1-0"]
[WhiteElo "2545"]
[BlackElo "2600"]
[PlyCount "69"]
[EventDate "1972.??.??"]
[EventType "tourn"]
[EventRounds "15"]
[EventCountry "USA"]
[EventCategory "11"]
[SourceDate "2006.01.01"]

1. d4 Nf6 2. c4 e6 3. Nc3 Bb4 4. e3 c5 5. Nge2 d6 6. a3 Ba5 7. Rb1 Nc6 8. b4
Bc7 9. g3 a5 10. bxc5 dxc5 11. Bg2 cxd4 12. exd4 O-O 13. O-O Qe7 14. Qa4 Ra6
15. Re1 Rd8 16. Nb5 Bb8 17. Bb2 Na7 18. Nbc3 Qc7 19. Bc1 Qe7 20. h3 Nc6 21. Be3
Ne8 22. d5 Ne5 23. c5 Qd7 24. Qxd7 Bxd7 25. Rxb7 exd5 26. Nxd5 Be6 27. Reb1
Rxd5 28. Rxb8 Kf8 29. Bxd5 Bxd5 30. Nd4 Ke7 31. R1b6 Ra7 32. Bf4 Nf3+ 33. Nxf3
Bxf3 34. c6 Nd6 35. c7 1-0

[Event "San Antonio"]
[Site "San Antonio"]
[Date "1972.??.??"]
[Round "?"]
[White "Mecking, Henrique"]
[Black "Evans, Larry Melvyn"]
[Result "1/2-1/2"]
[WhiteElo "2570"]
[BlackElo "2545"]
[PlyCount "80"]
[EventDate "1972.??.??"]
[EventType "tourn"]
[EventRounds "15"]
[EventCountry "USA"]
[EventCategory "11"]
[SourceDate "2006.01.01"]

1. e4 c5 2. Nf3 d6 3. d4 cxd4 4. Nxd4 Nf6 5. Nc3 a6 6. Be3 e5 7. Nb3 Be6 8. Qd2
Be7 9. f3 Nbd7 10. O-O-O b5 11. Nd5 Bxd5 12. exd5 Nb6 13. Bxb6 Qxb6 14. Na5 Rc8
15. Nc6 Nxd5 16. Nxe7 Nxe7 17. Qxd6 Qxd6 18. Rxd6 Nc6 19. c3 Ke7 20. Rd2 Rhd8
21. Rxd8 Rxd8 22. Be2 f5 23. a4 bxa4 24. Bxa6 Na5 25. Bb5 Nb3+ 26. Kb1 Nc5 27.
Kc2 Rb8 28. Bc4 Rd8 29. Rd1 Rxd1 30. Kxd1 Kd6 31. Kd2 g5 32. Bg8 h6 33. Bh7 Ke6
34. Bg8+ Kd6 35. Bf7 Ke7 36. Bg6 Kf6 37. Be8 Ke7 38. Bb5 Kd6 39. Bc4 e4 40.
fxe4 Nxe4+ 1/2-1/2

[Event "San Antonio"]
[Site "San Antonio"]
[Date "1972.??.??"]
[Round "?"]
[White "Suttles, Duncan"]
[Black "Byrne, Donald"]
[Result "1/2-1/2"]
[WhiteElo "2470"]
[BlackElo "2470"]
[PlyCount "118"]
[EventDate "1972.??.??"]
[EventType "tourn"]
[EventRounds "15"]
[EventCountry "USA"]
[EventCategory "11"]
[SourceDate "2006.01.01"]

1. g3 g6 2. Bg2 Bg7 3. d3 c5 4. c4 Nc6 5. Nc3 e6 6. Bd2 Nge7 7. Qc1 h6 8. h4 b6
9. Nh3 Bb7 10. O-O d6 11. a3 Qd7 12. b4 Nd4 13. Rb1 Bxg2 14. Kxg2 Rc8 15. bxc5
dxc5 16. Ng1 Nef5 17. Rd1 f6 18. a4 g5 19. hxg5 hxg5 20. a5 Qc6+ 21. e4 Nd6 22.
axb6 axb6 23. f3 O-O 24. Be3 Nf7 25. g4 Rfd8 26. Qb2 Ne5 27. Rd2 Rb8 28. Bf2
Rb7 29. Bg3 Ng6 30. Qc1 Bf8 31. Nb5 Nxb5 32. cxb5 Qe8 33. Qc3 Qf7 34. Nh3 Bd6
35. Bxd6 Rxd6 36. Rh1 Rd4 37. Ra2 Ra7 38. Ra6 Qd7 39. Rha1 Rb7 40. Ra8+ Kf7 41.
Nf2 Nf4+ 42. Kf1 Qxb5 43. Rh8 Kg6 44. Qa3 Rb4 45. Kg1 Rb1+ 46. Kh2 Qb2 47. Qxb2
Rxb2 48. Kg1 e5 49. Kf1 b5 50. Rg8+ Rg7 51. Rb8 b4 52. Nd1 Re2 53. Raa8 Rh7 54.
Rg8+ Rg7 55. Rgb8 Rh7 56. Rg8+ Kf7 57. Rgf8+ Ke6 58. Rfe8+ Kf7 59. Rf8+ Ke6
1/2-1/2

[Event "San Antonio"]
[Site "San Antonio"]
[Date "1972.??.??"]
[Round "?"]
[White "Gligoric, Svetozar"]
[Black "Campos Lopez, Mario"]
[Result "1-0"]
[WhiteElo "2575"]
[BlackElo "2200"]
[PlyCount "143"]
[EventDate "1972.??.??"]
[EventType "tourn"]
[EventRounds "15"]
[EventCountry "USA"]
[EventCategory "11"]
[SourceDate "2006.01.01"]

1. d4 Nf6 2. c4 c5 3. d5 d6 4. Nc3 g6 5. e4 Bg7 6. Nf3 O-O 7. Be2 e6 8. O-O
exd5 9. cxd5 a6 10. a4 Bg4 11. Nd2 Bxe2 12. Qxe2 Nbd7 13. Nc4 Nb6 14. Ne3 Re8
15. f3 Rb8 16. Kh1 Nh5 17. g4 Nf4 18. Qc2 Nc8 19. Nc4 g5 20. a5 Ne7 21. Nd1
Neg6 22. Nde3 Ne5 23. Ra3 Nxc4 24. Nxc4 Ng6 25. Bd2 Ne5 26. Ne3 Ng6 27. Rb3 Be5
28. Nc4 Qe7 29. Rb6 Red8 30. Be1 Bf4 31. Bg3 Qf6 32. Qc3 Qe7 33. Re1 f6 34.
Bxf4 Nxf4 35. Ne3 Rd7 36. Nf5 Qf8 37. Qd2 Rc8 38. Rc1 Rcc7 39. Rc2 Ng6 40. Qf2
Rc8 41. Qg3 Rcd8 42. Qe1 Ne5 43. Qf1 Ng6 44. b4 cxb4 45. Rxb4 Ne5 46. Rb6 Rc8
47. Rxc8 Qxc8 48. Nxd6 Qc3 49. Ne8 Kf7 50. Nxf6 Rc7 51. d6 Rc4 52. d7 Qd2 53.
d8=Q Qxd8 54. Nd5 Qc8 55. Rb1 Rc2 56. Ne3 Rc3 57. f4 Nxg4 58. fxg5+ Ke8 59.
Nxg4 Qxg4 60. Qf5 Qxf5 61. exf5 Rc5 62. Rxb7 Rxf5 63. h4 Rxa5 64. Rxh7 Ra2 65.
h5 Kf8 66. h6 Kg8 67. Ra7 Ra4 68. Rg7+ Kh8 69. Kg2 Ra3 70. Kf2 Rh3 71. Rf7 a5
72. Ra7 1-0